Tuḥfat al-aḥwadhī. (Record no. 50122)

MARC details
000 -LEADER
fixed length control field 00793cam a22002411 4500
001 - CONTROL NUMBER
control field ne 68000644
003 - CONTROL NUMBER IDENTIFIER
control field DLC
005 - DATE AND TIME OF LATEST TRANSACTION
control field 20260227111838.0
008 - FIXED-LENGTH DATA ELEMENTS--GENERAL INFORMATION
fixed length control field 890514m19631967xx 000 0 ara
010 ## - LIBRARY OF CONGRESS CONTROL NUMBER
LC control number ne 68000644
035 ## - SYSTEM CONTROL NUMBER
System control number (OCoLC)23499797
040 ## - CATALOGING SOURCE
Original cataloging agency DLC
Transcribing agency MiU
Modifying agency DLC
050 00 - LIBRARY OF CONGRESS CALL NUMBER
Classification number BP135.A158
Item number M82
100 1# - MAIN ENTRY--PERSONAL NAME
Personal name Mubārakfūrī, Muḥammad ʻAbd al-Raḥmān ibn ʻAbd al-Raḥīm,
Dates associated with a name 1866 or 1867-1935.
245 00 - TITLE STATEMENT
Title Tuḥfat al-aḥwadhī.
260 ## - PUBLICATION, DISTRIBUTION, ETC.
Date of publication, distribution, etc. [1963-67]
300 ## - PHYSICAL DESCRIPTION
Extent 10 v.
Dimensions 24 cm.
500 ## - GENERAL NOTE
General note Romanized.
650 #0 - SUBJECT ADDED ENTRY--TOPICAL TERM
Topical term or geographic name entry element Hadith
General subdivision Criticism, interpretation, etc.
700 1# - ADDED ENTRY--PERSONAL NAME
Personal name Tirmidhī, Muḥammad ibn ʻĪsá,
Dates associated with a name -892.
Relator term al-Jāmiʻ al-ṣaḥīḥ.
700 2# - ADDED ENTRY--PERSONAL NAME
Personal name ʻAbd al-Laṭīf, ʻAbd al-Wahhāb.
Relator term ed.
700 1# - ADDED ENTRY--PERSONAL NAME
Personal name ʻUthmān, ʻAbd al-Raḥmān Muḥammad.
Relator term ed.

No items available.

Powered by Koha